000 00993aam a2200313 4500
001 19105
003 CO-MdFUSB
005 20180622170011.0
008 170302s19981996ie ||||g |||| 00| 0 eng d
020 _a1-871552-60-5
040 _aCO-MdFUSB
_bspa
_cCO-MdFUSB
_dCO-MdFUSB
_erda
041 _aeng
082 _224
_aG 262.52
_bV345v
100 1 _aFlannery, Austin., (Editor)
245 1 0 _aVatican Council
_b: The conciliar and postconciliar documents
_c/ Austin Flannery (Editor General)
_nII
264 1 _aDublin, Ireland :
_bDominican Publications,
_c℗1998
264 4 _c©1996
300 _axxiv, 1036 páginas
_b:
_c;
336 _2rdacontent
_a1
_ba1
337 _2rdamedia
_a2
_b5
338 _2rdacarrier
_a2
_b5
490 4 _aThe Vatican Collection
501 _aIncluye indice (páginas. 1017- 1036)
505 0 2 _aLos documentos del concilio vaticano II
563 _aRústico
650 7 _941
_aClero --
_bActividad política
942 _cBK
999 _c45480
_d45480